Một số phương pháp giải bài toán bất đẳng thức biến phân

Bài toán bất đẳng thức biến phân; Phương pháp chiếu giải bài toán bất đẳng thức biến phân; Phương pháp hàm quạt giải bài toán bất đẳng thức biến phân.

Zapisane w:
Opis bibliograficzny
1. autor: Nguyễn Thị Hoài Thanh
Kolejni autorzy: Phan Nhật Tĩnh PGS.TS (Hướng dẫn)
Format: Książka
Język:Vietnamese
Wydane: Đà Nẵng Đại học Đà Nẵng 2014
Hasła przedmiotowe:
Etykiety: Dodaj etykietę
Nie ma etykietki, Dołącz pierwszą etykiete!
Thư viện lưu trữ: Mạng thư viện Đại học Đà Nẵng
LEADER 01669nam a2200349 4500
001 000019981
003 16422
005 20150309090312.0
008 141210s2014 viesd
041 |a vie 
082 1 4 |a 515.64  |b NG-T 
100 1 |a Nguyễn Thị Hoài Thanh 
245 1 7 |a Một số phương pháp giải bài toán bất đẳng thức biến phân  |c Nguyễn Thị Hoài Thanh ; Phan Nhật Tĩnh hướng dẫn.  |k Luận văn Thạc sĩ 
260 |a Đà Nẵng  |b Đại học Đà Nẵng  |c 2014 
300 |a 40 tr., phụ lục 3 tr.  |c 29 cm.  |e Tóm tắt 
500 |a Luận văn thạc sĩ Khoa học. Chuyên ngành: Phương pháp toán sơ cấp. Mã số: 60.46.40. 
520 |a Bài toán bất đẳng thức biến phân; Phương pháp chiếu giải bài toán bất đẳng thức biến phân; Phương pháp hàm quạt giải bài toán bất đẳng thức biến phân. 
650 0 4 |a Bất đẳng thức biến phân  |v Luận văn tốt nghiệp  |x Phương pháp giải toán 
653 |a Bất đẳng thức biến phân 
653 |a Toán học 
653 |a Phương pháp toán sơ cấp 
700 1 |a Phan Nhật Tĩnh  |c PGS.TS  |e Hướng dẫn 
OWN |a LSP 
AVA |a UDN50  |b LSP  |d 515.64 NG-T  |e available  |t Error 5001 Not defined in file expand_doc_bib_avail.  |f 1  |g 0  |h N  |i 0  |k 1 
999 |a From the UDN01 
AVA |a UDN50  |b LSP  |d 515.64 NG-T  |e available  |t Error 5001 Not defined in file expand_doc_bib_avail.  |f 1  |g 0  |h N  |i 0  |k 1 
TYP |a Monograph 
TYP |a Printed language 
980 |a Mạng thư viện Đại học Đà Nẵng